Estigma. La identidad deteriorada

Tallennettuna:
Bibliografiset tiedot
Päätekijä: Goffman, Erving (Tekijä)
Aineistotyyppi: Kirja
Kieli:espanja
Julkaistu: Buenos Aires, Argentina Amorrortu 2008
Painos:2a. ed
Sarja:Sociología
Aiheet:
Linkit:Disponible Online
Tagit: Lisää tagi
Ei tageja, Lisää ensimmäinen tagi!

MARC

LEADER 00000nam a2200000 a 4500
001 UCH1793
003 CL-VaPUC
005 20210505001638.0
008 090514e20080000AG |||||||||||||||||spa|d
999 |c 333706  |d 333704 
020 |a 9789505181995 
040 |c Pontificia Universidad Católica de Valparaíso 
082 0 4 |a 302 GOF 2008  |2 21 
100 0 |a Goffman, Erving  |e author  |9 471100 
245 1 0 |a Estigma.  |b La identidad deteriorada 
250 |a 2a. ed 
260 |a Buenos Aires, Argentina  |b Amorrortu  |c 2008 
300 |a 183 páginas  
440 |a Sociología  |9 860812 
583 |a last modification  |c 20090514 00:00:00  |k Rodrigo Vera 
650 0 |a Relaciones sociales  |2 CL-VaPUC  |9 376480 
650 0 |a Discriminación   |9 335101 
650 0 |a Alienación social   |2 CL-VaPUC  |9 343768 
650 0 |a Desviación social   |2 CL-VaPUC  |9 337764 
650 0 |a Problemas sociales  |9 258537 
650 0 |a Comportamiento   |9 308406 
650 0 |a Identidad   |9 336178 
856 |u http://bibliografiadigital.pucv.cl.pucv.idm.oclc.org/index.php/bibliotecapucv/catalog/book/392  |y Disponible Online  
942 |c BK  |2 ddc 
945 |d 20090514 00:00:00  |a rbrito 
952 |0 0  |1 0  |4 0  |6 302_000000000000000_GOF_2008  |7 0  |8 R  |9 422296  |a BIBGIM  |b BIBGIM  |d 2019-11-22  |i 4549767  |l 2  |m 2  |o 302 GOF 2008  |p 4549767  |r 2025-01-15  |s 2024-06-03  |w 2019-11-22  |y BK_R  |k SSL 
952 |0 0  |1 0  |4 0  |6 302_000000000000000_GOF_2008  |7 0  |8 R  |9 422297  |a BIBGIM  |b BIBGIM  |d 2019-11-22  |i 4549775  |o 302 GOF 2008  |p 4549775  |r 2024-01-16  |w 2019-11-22  |y BK_R  |k SSL